000 00292nam a22001337a 4500
008 170926b xxu||||| |||| 00| 0 eng d
020 _a9780399514005
041 _aeng
080 _a37
100 _a46
101 _aEDU
245 _aRAPID VOBULARY BUILDER
_cLEWIS.N
942 _2udc
_cBK
999 _c29837
_d29837